Na Mestskom úrade v Starej Ľubovni nastanú zmeny

Bibliographic Details
Main Author: Rindoš, Peter (pht ○24 aut)
Format: Article
Language:Slovak
PhysicalDescription:Fotogr.
ISSN:1335-7573
Subjects:

MARC

LEADER 00000nab a2200000 ar4500
001 vtls009008603
003 SK-MaSNL
005 20260303065525.0
008 070723c20070706xo dr|n|||||||000 b|slo
038 |a SLLK 
040 |a SLLK  |b slo  |c sllk  |e AACR2 
041 0 |a slo 
044 |a xo  |c SK 
080 |a 352.9  |2 1997 
100 1 |a Rindoš, Peter  |4 pht ○24 aut  |9 668686 
245 1 0 |a Na Mestskom úrade v Starej Ľubovni nastanú zmeny  |c Peter Rindoš ; foto: autor 
300 |b Fotogr. 
610 1 7 |a Stará Ľubovňa (Slovensko).  |b Mestský úrad  |2 snkbucl  |9 190654 
648 7 |a 2007  |2 snkbucl  |9 313226 
650 0 7 |a mestské úrady  |z Stará Ľubovňa (Slovensko)  |x organizačná štruktúra  |2 snkbucl  |9 1033300 
651 7 |a Stará Ľubovňa (Slovensko)  |2 snkbucl  |9 19193 
773 0 |t Tatranský denník Korzár  |g Roč. IX, č. 154 (6. 7.2007) s. 1  |x 1335-7573 
852 |a SLLK  |b KIS3GCP 
999 |c 1751547  |d 1753477